| 000 | 01236nam a22002177a 4500 | ||
|---|---|---|---|
| 999 |
_c56750 _d56750 |
||
| 003 | Ge_BSU | ||
| 005 | 20190421020019.0 | ||
| 008 | 190416s2008 ge gg||||| |||| 00| 0 geo d | ||
| 020 | _a9789941130168 | ||
| 041 | _ageo | ||
| 080 | _a342.726-053.2(479.22)(075.8) | ||
| 245 |
_aბავშვთა საკითხების გაშუქება მედიაში : _bსახელმძღვანელო სტუდენტებისათვის / _cწინასიტყვ ავტ. დავით პაიჭაძე ; Unicef for children. |
||
| 260 |
_aთბილისი : _bთბილ. უნ-ტის გამ-ბა, _c2008. |
||
| 300 |
_a84 გვ. ; _c 29 სმ, _e +1 მაგალითების სახელმძღვანელო. |
||
| 653 | _aბავშვთა უფლებების დაცვა საქართველოში | ||
| 653 | _aბავშვთა სოციალური დაცვა | ||
| 653 | _aქართული მედია | ||
| 700 |
_a დავით პაიჭაძე _9202 _eწინასიტყვაობის ავტორი |
||
| 710 |
_9200 _aUnicef for children |
||
| 942 |
_2udc _cBK |
||